La situación en Centroamérica: amenazas a la paz y la seguridad internacionales e iniciativas de paz. Nota del Secretario General

Gardado en:
Detalles Bibliográficos
Autor Corporativo: Naciones Unidas. ONUVEN
Formato: Texto
Publicado: s.l.: Naciones Unidas
Etiquetas: Engadir etiqueta
Sen Etiquetas, Sexa o primeiro en etiquetar este rexistro!

MARC

LEADER 00000 a a2200000 04500
001 24044
003
040
090 |a 170600  
110 |a Naciones Unidas. ONUVEN  
245 |a La situación en Centroamérica: amenazas a la paz y la seguridad internacionales e iniciativas de paz. Nota del Secretario General  
260 |a s.l.:   |b Naciones Unidas  
300 |a 20 p.  
999 |c 10801  |d 10801